000 00543npc a2200205Ia 4500
001 dp5/17-39789
003 IT-MiCISF
008 161014s9999||||xx | und||
040 _aIT-MiCISF
_cIT-MiCISF
041 _ait
100 _aSemeraro Marcello
245 0 _aNon cessa l'amore sulle ali dello spirito
250 _a1a ed.
260 _aOria
_bDiocesi di Oria
_c2004
300 _app. 33
500 _a / pastorale-prematrimoniale, magistero /
650 _apastorale-familiare
942 _cDD
957 _71
999 _a39789
_bsi
_g1
_c206558
_d206558